An American dilemma : the Negro problem and modern democracy /
Gardado en:
| Autor Principal: | |
|---|---|
| Formato: | Desconocido |
| Idioma: | English |
| Publicado: |
New York :
Harper,
[c1944].
|
| Materias: | |
| Etiquetas: |
Engadir etiqueta
Sen Etiquetas, Sexa o primeiro en etiquetar este rexistro!
|
MARC
| LEADER | 000000000a22000000004500 | ||
|---|---|---|---|
| 001 | 013279 | ||
| 041 | 0 | |a eng | |
| 082 | 0 | 4 | |a 325.260 |
| 100 | 1 | |a Myrdal, Gunnar, |d 1898-1987. | |
| 245 | 1 | 0 | |a An American dilemma : |b the Negro problem and modern democracy / |c Gunnar Myrdal. |
| 260 | 1 | |a New York : |b Harper, |c [c1944]. | |
| 300 | |a 1483 páginas | ||
| 650 | 4 | |a AFROAMERICANOS | |
| 500 | |a Colección George Yúdice | ||
| 999 | |c 19210 |d 19210 | ||
| 942 | |c BK |h 325.260 |2 z | ||
